| 000 | 00686nam a2200229Ia 4500 | ||
|---|---|---|---|
| 003 | GCL | ||
| 008 | 140319s9999 xx 000 0 ara d | ||
| 040 |
_aGCL / _cGCL |
||
| 082 | 0 | 4 |
_a780.71 _bع ن |
| 100 | 1 | _aعائشة صبرى | |
| 245 | 1 | 0 |
_aنظريات الموسيقى تغنى / _cعائشة صبرى |
| 700 | 1 | _aاميمة امين فهمى | |
| 260 |
_a[S.N] : _bدار الفكر العربى |
||
| 300 | _a80 | ||
| 490 |
_aتطبيقات علمية فى التربية الموسيقية _v0 |
||
| 650 | 0 | 4 | _aنظريات |
| 650 | 0 | 4 | _aالموسيقى |
| 650 | 0 | 4 | _aتعليم |
| 650 | 0 | 4 | _aتدريب |
| 650 | 0 | 4 | _aالسلم الموسيقى |
| 942 |
_2ddc _cBK |
||
| 999 |
_c31213 _d31213 |
||